Datum a čas kvízu
31.5
Celkem bodů
Celkový počet nahraných bodů na tomto kvízu bez doplňovacích otázek.
4.
Pořadí na kvízu
Konečné umístění týmu na tomto kvízu.
Zaznamenané odpovědi
| # | Otázka | Odpověď | Body | Výsledky |
|---|---|---|---|---|
| 1. | Český premiér Petr Fiala se mi... | Etiopii | 1 | |
| 2. | V úterý se v jisté evropské mo... | Španělsko, princezna Leonor | 0 | |
| 3. | V uplynulém týdnu zveřejnila Č... | Klíč svatého Petra | 0 | |
| 4. | Minulý týden otevřel jistý ame... | Popeye's | 1 | |
| 5. | Pokolikáté získal šestatřiceti... | poosmé | 1 | |
| -14. | O které významné ženě 18. stol... | o Marii Antoinettě | 1 | |
| -13. | Ze dřeva kterého stromu bývají... | z dubového dřeva | 1 | |
| -12. | Jak se slovem začínajícím na p... | enologie | 1 | |
| -11. | Vinařská oblast Čechy se dělí... | litoměřickou | 1 | |
| -10. | Snaha zabránit plýtvání při zp... | grappa | 0 |